[Event "110th Anniversary Open 2020"]
[Site "Hilleroed"]
[Date "2020.02.15"]
[Round "9.4"]
[White "Thorsbro, Peter"]
[Black "Nilssen, John Arni"]
[Result "0-1"]
[WhiteElo "2159"]
[BlackElo "2333"]
[Annotator "ChessBase"]
[PlyCount "120"]
[EventDate "2020.02.08"]
[EventType "swiss"]
[EventCountry "DEN"]
[SourceTitle "playchess.com"]
[Source "ChessBase"]
[SourceQuality "1"]
[TimeControl "40/5400+30:1800+30"]

1. d4 {[%emt 0:00:00]} g6 {[%emt 0:00:00]} 2. e4 {[%emt 0:00:00]} Nf6 {[%emt 0:00:00]} 3. Nc3 {[%emt 0:00:00]} c5 {[%emt 0:00:00]} 4. d5 {[%emt 0:00:59]} d6 {[%emt 0:00:00]} 5. Be2 {[%emt 0:00:47]} Bg7 {[%emt 0:00:04]} 6. Be3 {[%emt 0:04:12]} Na6 {[%emt 0:01:44]} 7. Qd2 {[%emt 0:01:38]} Nc7 {[%emt 0:05:15]} 8. a4 {[%emt 0:01:16]} O-O {[%emt 0:08:16]} 9. Bh6 {[%emt 0:01:46]} e6 {[%emt 0:00:24]} 10. O-O-O {[%emt 0:03:21]} exd5 {[%emt 0:03:27]} 11. exd5 {[%emt 0:01:10]} a6 {[%emt 0:03:10]} 12. h4 {[%emt 0:07:13]} b5 {[%emt 0:00:45]} 13. h5 {[%emt 0:01:13]} b4 {[%emt 0:00:31]} 14. Bxg7 {[%emt 0:00:22]} Kxg7 {[%emt 0:02:01]} 15. hxg6 {[%emt 0:04:20]} fxg6 {[%emt 0:03:54]} 16. Qh6+ {[%emt 0:01:12]} Kg8 {[%emt 0:01:23]} 17. Ne4 {[%emt 0:00:30]} Qe7 {[%emt 0:02:11]} 18. Nxf6+ {[%emt 0:09:35]} Rxf6 {[%emt 0:01:03]} 19. Nf3 {[%emt 0:00:19]} Bg4 {[%emt 0:34:39]} 20. Rde1 {[%emt 0:39:03]} Bxf3 {[%emt 0:18:11]} 21. Bxf3 {[%emt 0:00:03]} Qf7 {[%emt 0:00:08]} 22. Re3 {[%emt 0:07:44]} Re8 {[%emt 0:05:00]} 23. Rhe1 {[%emt 0:02:26]} Rxe3 {[%emt 0:00:26]} 24. Qxe3 {[%emt 0:00:04]} Rf5 {[%emt 0:03:23]} 25. Qd3 {[%emt 0:03:35]} a5 {[%emt 0:00:19]} 26. c4 {[%emt 0:01:58]} Rf4 {[%emt 0:00:46]} 27. Re3 {[%emt 0:02:07]} Ne8 {[%emt 0:02:44]} 28. Qe2 {[%emt 0:00:17]} Ng7 {[%emt 0:00:19]} 29. Bg4 {[%emt 0:03:02]} Rxf2 {[%emt 0:03:48]} 30. Be6 {[%emt 0:01:07]} Rxe2 {[%emt 0:00:35]} 31. Bxf7+ {[%emt 0:00:03]} Kxf7 {[%emt 0:00:09]} 32. Rxe2 {[%emt 0:00:02]} h5 {[%emt 0:00:33]} 33. Kd2 {[%emt 0:00:18]} Kf6 {[%emt 0:00:35]} 34. Ke1 {[%emt 0:00:44]} g5 {[%emt 0:00:42]} 35. Kf2 {[%emt 0:01:06]} Kf7 {[%emt 0:00:17]} 36. Re1 {[%emt 0:01:26]} Kf6 {[%emt 0:00:07]} 37. Re4 {[%emt 0:00:26]} Kf7 {[%emt 0:00:14]} 38. Re2 {[%emt 0:01:13]} Kf6 {[%emt 0:00:05]} 39. Re1 {[%emt 0:00:03]} Kf7 {[%emt 0:00:05]} 40. Kf3 {[%emt 0:00:17]} Nf5 {[%emt 0:00:44]} 41. Ke4 {[%emt 0:32:42]} Kg6 {[%emt 0:08:17]} 42. Kd3 {[%emt 0:00:00]} g4 {[%emt 0:01:37]} 43. Re8 {[%emt 0:00:00]} Kg5 {[%emt 0:01:23]} 44. Ke4 {[%emt 0:00:00]} Ng3+ {[%emt 0:01:32]} 45. Ke3 {[%emt 0:00:00]} h4 {[%emt 0:01:45]} 46. Kf2 {[%emt 0:00:00]} Kf4 {[%emt 0:00:43]} 47. Ra8 {[%emt 0:00:00]} Ne4+ {[%emt 0:00:26]} 48. Kg1 {[%emt 0:00:00]} Kg3 {[%emt 0:03:21]} 49. Re8 {[%emt 0:00:00]} Kf4 {[%emt 0:03:28]} 50. Rh8 {[%emt 0:00:00]} Nd2 {[%emt 0:02:43]} 51. Ra8 {[%emt 0:00:00]} Nxc4 {[%emt 0:01:58]} 52. b3 {[%emt 0:00:00]} Nd2 {[%emt 0:01:20]} 53. Rxa5 {[%emt 0:00:00]} Nxb3 {[%emt 0:00:21]} 54. Ra8 {[%emt 0:00:00]} Ke5 {[%emt 0:00:27]} 55. Rg8 {[%emt 0:00:00]} Kxd5 {[%emt 0:02:32]} 56. Rg5+ {[%emt 0:00:51]} Kc6 {[%emt 0:00:19]} 57. Rxg4 {[%emt 0:00:09]} Nd4 {[%emt 0:00:08]} 58. Rxh4 {[%emt 0:00:33]} b3 {[%emt 0:00:12]} 59. Kf2 {[%emt 0:00:03]} b2 {[%emt 0:00:21]} 60. Rh1 {[%emt 0:00:04]} c4 {[%emt 0:00:20]} 0-1

[Event "110th Anniversary Open 2020"]
[Site "Hilleroed"]
[Date "2020.02.15"]
[Round "9.5"]
[White "Larsen, Karsten"]
[Black "Schultz-Pedersen, Jesper"]
[Result "1/2-1/2"]
[WhiteElo "2235"]
[BlackElo "2058"]
[Annotator "ChessBase"]
[PlyCount "89"]
[EventDate "2020.02.08"]
[EventType "swiss"]
[EventCountry "DEN"]
[SourceTitle "playchess.com"]
[Source "ChessBase"]
[SourceQuality "1"]
[TimeControl "40/5400+30:1800+30"]

1. Nf3 {[%emt 0:00:00]} Nc6 {[%emt 0:00:00]} 2. d4 {[%emt 0:00:25]} d5 {[%emt 0:00:09]} 3. Bf4 {[%emt 0:00:57]} Bg4 {[%emt 0:00:07]} 4. e3 {[%emt 0:04:17]} e6 {[%emt 0:00:09]} 5. Be2 {[%emt 0:02:27]} Bd6 {[%emt 0:01:18]} 6. Bg3 {[%emt 0:01:20]} Nf6 {[%emt 0:00:49]} 7. Nbd2 {[%emt 0:00:23]} O-O {[%emt 0:00:38]} 8. O-O {[%emt 0:00:17]} Bxg3 {[%emt 0:03:36]} 9. hxg3 {[%emt 0:00:57]} Qe7 {[%emt 0:01:15]} 10. c4 {[%emt 0:05:24]} Rfd8 {[%emt 0:05:47]} 11. Rc1 {[%emt 0:06:31]} Rac8 {[%emt 0:04:54]} 12. a3 {[%emt 0:09:25]} Bxf3 {[%emt 0:07:24]} 13. Bxf3 {[%emt 0:13:04]} e5 {[%emt 0:02:08]} 14. cxd5 {[%emt 0:01:17]} Nxd5 {[%emt 0:01:17]} 15. Qb3 {[%emt 0:08:52]} Nb6 {[%emt 0:07:24]} 16. Bxc6 {[%emt 0:02:11]} bxc6 {[%emt 0:00:02]} 17. Nf3 {[%emt 0:00:13]} exd4 {[%emt 0:02:36]} 18. Nxd4 {[%emt 0:00:41]} Qe4 {[%emt 0:03:34]} 19. Qc2 {[%emt 0:10:12]} Qg4 {[%emt 0:02:36]} 20. Nxc6 {[%emt 0:01:53]} Re8 {[%emt 0:01:20]} 21. Rfd1 {[%emt 0:01:27]} Ra8 {[%emt 0:04:25]} 22. Rd4 {[%emt 0:01:13]} Qg5 {[%emt 0:00:38]} 23. Qc5 {[%emt 0:04:53]} Qf6 {[%emt 0:02:19]} 24. Rcd1 {[%emt 0:00:42]} h6 {[%emt 0:00:29]} 25. R1d2 {[%emt 0:02:54]} Re6 {[%emt 0:03:59]} 26. Nd8 {[%emt 0:07:37]} Rd6 {[%emt 0:04:01]} 27. Rxd6 {[%emt 0:07:13]} cxd6 {[%emt 0:00:02]} 28. Qxd6 {[%emt 0:00:12]} Qxd6 {[%emt 0:00:20]} 29. Rxd6 {[%emt 0:00:02]} Nc4 {[%emt 0:00:08]} 30. Rd7 {[%emt 0:00:14]} Nxb2 {[%emt 0:00:33]} 31. Nc6 {[%emt 0:04:49]} a5 {[%emt 0:03:48]} 32. Rb7 {[%emt 0:01:13]} Nc4 {[%emt 0:00:37]} 33. a4 {[%emt 0:00:08]} Ra6 {[%emt 0:00:25]} 34. Ne7+ {[%emt 0:01:21]} Kh7 {[%emt 0:04:31]} 35. Nd5 {[%emt 0:00:08]} Rd6 {[%emt 0:00:28]} 36. Rb5 {[%emt 0:00:36]} Ra6 {[%emt 0:03:41]} 37. Kf1 {[%emt 0:00:45]} Nd6 {[%emt 0:00:44]} 38. Rc5 {[%emt 0:00:28]} Ne4 {[%emt 0:00:13]} 39. Rb5 {[%emt 0:00:35]} f5 {[%emt 0:01:40]} 40. Rb6 {[%emt 0:01:18]} Ra7 {[%emt 0:01:05]} 41. Rb5 {[%emt 0:03:44]} Nd6 {[%emt 0:01:58]} 42. Rb3 {[%emt 0:01:38]} Ne4 {[%emt 0:00:50]} 43. Rb5 {[%emt 0:05:10]} Nd6 {[%emt 0:00:56]} 44. Rb1 {[%emt 0:03:59]} Ne4 {[%emt 0:00:25]} 45. Rb5 {[%emt 0:08:22]} 1/2-1/2

[Event "110th Anniversary Open 2020"]
[Site "Hilleroed"]
[Date "2020.02.15"]
[Round "9.6"]
[White "Wu, Sibo"]
[Black "Kristiansen, Jens"]
[Result "0-1"]
[WhiteElo "2060"]
[BlackElo "2406"]
[Annotator "ChessBase"]
[PlyCount "110"]
[EventDate "2020.02.08"]
[EventType "swiss"]
[EventCountry "DEN"]
[SourceTitle "playchess.com"]
[Source "ChessBase"]
[SourceQuality "1"]
[TimeControl "40/5400+30:1800+30"]

1. d4 {[%emt 0:00:00]} Nf6 {[%emt 0:00:00]} 2. Nf3 {[%emt 0:00:15]} d6 {[%emt 0:00:14]} 3. Nbd2 {[%emt 0:00:42]} Bf5 {[%emt 0:00:29]} 4. g3 {[%emt 0:03:20]} Nc6 {[%emt 0:03:44]} 5. c3 {[%emt 0:03:17]} e5 {[%emt 0:00:43]} 6. d5 {[%emt 0:02:04]} Ne7 {[%emt 0:01:07]} 7. e4 {[%emt 0:00:54]} Bd7 {[%emt 0:01:09]} 8. Bg2 {[%emt 0:09:05]} g6 {[%emt 0:00:43]} 9. O-O {[%emt 0:02:56]} Bg7 {[%emt 0:00:09]} 10. a4 {[%emt 0:02:28]} O-O {[%emt 0:00:47]} 11. Re1 {[%emt 0:01:47]} Ne8 {[%emt 0:01:55]} 12. a5 {[%emt 0:06:10]} a6 {[%emt 0:02:07]} 13. b4 {[%emt 0:01:13]} h6 {[%emt 0:02:00]} 14. c4 {[%emt 0:11:56]} f5 {[%emt 0:01:10]} 15. Qb3 {[%emt 0:06:58]} Nf6 {[%emt 0:01:42]} 16. Bb2 {[%emt 0:01:38]} Kh8 {[%emt 0:07:56]} 17. Rac1 {[%emt 0:02:45]} Rc8 {[%emt 0:12:59]} 18. Re2 {[%emt 0:13:25]} Qe8 {[%emt 0:02:43]} 19. Ne1 {[%emt 0:04:21]} Qf7 {[%emt 0:04:05]} 20. Nd3 {[%emt 0:01:26]} g5 {[%emt 0:05:00]} 21. exf5 {[%emt 0:11:57]} Bxf5 {[%emt 0:00:18]} 22. f3 {[%emt 0:00:44]} h5 {[%emt 0:05:09]} 23. Rf1 {[%emt 0:00:35]} Qg6 {[%emt 0:01:11]} 24. Nf2 {[%emt 0:01:03]} Neg8 {[%emt 0:06:11]} 25. c5 {[%emt 0:01:38]} g4 {[%emt 0:02:59]} 26. fxg4 {[%emt 0:02:18]} hxg4 {[%emt 0:00:19]} 27. Nc4 {[%emt 0:01:34]} Rcd8 {[%emt 0:02:42]} 28. Ba3 {[%emt 0:00:21]} Nh6 {[%emt 0:03:32]} 29. b5 {[%emt 0:01:04]} axb5 {[%emt 0:05:24]} 30. Qxb5 {[%emt 0:00:17]} Nf7 {[%emt 0:00:44]} 31. Bc1 {[%emt 0:05:27]} Bh6 {[%emt 0:09:29]} 32. Ne3 {[%emt 0:00:45]} Bc8 {[%emt 0:00:35]} 33. Qd3 {[%emt 0:00:42]} Qh5 {[%emt 0:00:56]} 34. Ne4 {[%emt 0:00:53]} Nxe4 {[%emt 0:01:00]} 35. Bxe4 {[%emt 0:00:21]} Ng5 {[%emt 0:00:19]} 36. Bg6 {[%emt 0:00:17]} Rxf1+ {[%emt 0:00:48]} 37. Kxf1 {[%emt 0:00:34]} Rf8+ {[%emt 0:00:47]} 38. Ke1 {[%emt 0:00:40]} Nf3+ {[%emt 0:01:11]} 39. Kd1 {[%emt 0:00:05]} Qg5 {[%emt 0:00:51]} 40. Bb2 {[%emt 0:01:06]} Bd7 {[%emt 0:04:52]} 41. Be4 {[%emt 0:05:21]} Ba4+ {[%emt 0:05:13]} 42. Kc1 {[%emt 0:01:02]} Ng1 {[%emt 0:01:08]} 43. Re1 {[%emt 0:00:13]} Nf3 {[%emt 0:08:58]} 44. Re2 {[%emt 0:00:16]} dxc5 {[%emt 0:01:48]} 45. Kb1 {[%emt 0:12:06]} Nd4 {[%emt 0:00:43]} 46. Bxd4 {[%emt 0:02:55]} exd4 {[%emt 0:01:00]} 47. Nf5 {[%emt 0:00:13]} Qc1+ {[%emt 0:01:54]} 48. Ka2 {[%emt 0:00:04]} Rxf5 {[%emt 0:03:01]} 49. Bxf5 {[%emt 0:00:10]} c4 {[%emt 0:00:16]} 50. Qb1 {[%emt 0:04:26]} Bb3+ {[%emt 0:01:11]} 51. Ka1 {[%emt 0:00:06]} Qa3+ {[%emt 0:03:26]} 52. Ra2 {[%emt 0:00:04]} Bxa2 {[%emt 0:00:59]} 53. Qxa2 {[%emt 0:00:04]} Qc3+ {[%emt 0:00:11]} 54. Qb2 {[%emt 0:00:04]} Qxa5+ {[%emt 0:00:12]} 55. Kb1 {[%emt 0:00:26]} Qxd5 {[%emt 0:17:31]} 0-1

[Event "110th Anniversary Open 2020"]
[Site "Hilleroed"]
[Date "2020.02.15"]
[Round "9.7"]
[White "Petersen, Peter Birk"]
[Black "Sylvan, Jacob"]
[Result "1-0"]
[WhiteElo "2117"]
[BlackElo "2335"]
[Annotator "ChessBase"]
[PlyCount "63"]
[EventDate "2020.02.08"]
[EventType "swiss"]
[EventCountry "DEN"]
[SourceTitle "playchess.com"]
[Source "ChessBase"]
[SourceQuality "1"]
[TimeControl "40/5400+30:1800+30"]

1. e4 {[%emt 0:00:00]} e5 {[%emt 0:00:00]} 2. Nf3 {[%emt 0:00:00]} Nc6 {[%emt 0:00:00]} 3. Bb5 {[%emt 0:00:00]} a6 {[%emt 0:00:00]} 4. Ba4 {[%emt 0:00:00]} Nf6 {[%emt 0:00:04]} 5. O-O {[%emt 0:00:23]} Be7 {[%emt 0:00:24]} 6. Re1 {[%emt 0:00:23]} b5 {[%emt 0:00:05]} 7. Bb3 {[%emt 0:00:05]} O-O {[%emt 0:00:07]} 8. h3 {[%emt 0:00:50]} d6 {[%emt 0:00:17]} 9. c3 {[%emt 0:00:32]} Na5 {[%emt 0:00:07]} 10. Bc2 {[%emt 0:00:07]} c5 {[%emt 0:00:04]} 11. d4 {[%emt 0:00:32]} Qc7 {[%emt 0:00:10]} 12. Nbd2 {[%emt 0:01:00]} Bd7 {[%emt 0:01:22]} 13. Nf1 {[%emt 0:01:07]} Nc4 {[%emt 0:00:55]} 14. b3 {[%emt 0:02:06]} Nb6 {[%emt 0:00:21]} 15. Ne3 {[%emt 0:04:31]} Rfe8 {[%emt 0:03:04]} 16. dxe5 {[%emt 0:03:00]} dxe5 {[%emt 0:00:28]} 17. c4 {[%emt 0:00:12]} Bf8 {[%emt 0:05:19]} 18. Bb2 {[%emt 0:02:06]} g6 {[%emt 0:08:58]} 19. a4 {[%emt 0:07:17]} Bg7 {[%emt 0:10:23]} 20. axb5 {[%emt 0:10:20]} axb5 {[%emt 0:00:34]} 21. Rxa8 {[%emt 0:00:17]} Nxa8 {[%emt 0:00:45]} 22. Nxe5 {[%emt 0:12:00]} Rxe5 {[%emt 0:09:25]} 23. Qa1 {[%emt 0:00:18]} Re8 {[%emt 0:00:05]} 24. Bxf6 {[%emt 0:00:09]} Bxf6 {[%emt 0:00:06]} 25. Qxf6 {[%emt 0:00:07]} bxc4 {[%emt 0:00:06]} 26. Nd5 {[%emt 0:08:33]} Qa5 {[%emt 0:01:20]} 27. Ra1 {[%emt 0:07:26]} Qd2 {[%emt 0:01:57]} 28. Ra7 {[%emt 0:01:04]} Qc1+ {[%emt 0:04:19]} 29. Kh2 {[%emt 0:01:30]} Re6 {[%emt 0:00:08]} 30. Rxa8+ {[%emt 0:02:45]} Be8 {[%emt 0:00:17]} 31. Qc3 {[%emt 0:01:34]} cxb3 {[%emt 0:00:40]} 32. Bxb3 {[%emt 0:03:16]} 1-0

[Event "110th Anniversary Open 2020"]
[Site "Hilleroed"]
[Date "2020.02.15"]
[Round "9.8"]
[White "Jorgensen, Dennis"]
[Black "Jensen, Thore Nyboe"]
[Result "1/2-1/2"]
[WhiteElo "2154"]
[BlackElo "2006"]
[Annotator "ChessBase"]
[PlyCount "86"]
[EventDate "2020.02.08"]
[EventType "swiss"]
[EventCountry "DEN"]
[SourceTitle "playchess.com"]
[Source "ChessBase"]
[SourceQuality "1"]
[TimeControl "40/5400+30:1800+30"]

1. d4 {[%emt 0:00:00]} Nf6 {[%emt 0:00:00]} 2. Nf3 {[%emt 0:00:00]} e6 {[%emt 0:00:09]} 3. e3 {[%emt 0:00:00]} c5 {[%emt 0:00:29]} 4. c4 {[%emt 0:00:34]} cxd4 {[%emt 0:00:19]} 5. exd4 {[%emt 0:00:15]} d5 {[%emt 0:00:09]} 6. Nc3 {[%emt 0:00:26]} Be7 {[%emt 0:03:58]} 7. cxd5 {[%emt 0:02:30]} Nxd5 {[%emt 0:02:13]} 8. Bd3 {[%emt 0:00:14]} Nc6 {[%emt 0:08:18]} 9. O-O {[%emt 0:00:26]} O-O {[%emt 0:04:16]} 10. Re1 {[%emt 0:01:19]} Bf6 {[%emt 0:05:49]} 11. a3 {[%emt 0:05:02]} Nxc3 {[%emt 0:01:32]} 12. bxc3 {[%emt 0:00:12]} b6 {[%emt 0:06:00]} 13. Qc2 {[%emt 0:11:12]} g6 {[%emt 0:07:34]} 14. Bh6 {[%emt 0:02:45]} Re8 {[%emt 0:06:08]} 15. Be4 {[%emt 0:08:35]} Bb7 {[%emt 0:02:53]} 16. Rad1 {[%emt 0:07:31]} Qc7 {[%emt 0:01:39]} 17. Qd2 {[%emt 0:03:52]} Rad8 {[%emt 0:06:38]} 18. Bg5 {[%emt 0:06:10]} Qe7 {[%emt 0:08:00]} 19. Qf4 {[%emt 0:00:33]} Bxg5 {[%emt 0:01:23]} 20. Nxg5 {[%emt 0:00:45]} f6 {[%emt 0:04:16]} 21. Nf3 {[%emt 0:06:21]} Kg7 {[%emt 0:02:39]} 22. Qc1 {[%emt 0:05:15]} Na5 {[%emt 0:02:33]} 23. h4 {[%emt 0:00:32]} Nc4 {[%emt 0:01:38]} 24. a4 {[%emt 0:05:03]} Nd6 {[%emt 0:04:46]} 25. Bxb7 {[%emt 0:01:06]} Qxb7 {[%emt 0:00:04]} 26. c4 {[%emt 0:10:29]} Rc8 {[%emt 0:01:25]} 27. c5 {[%emt 0:00:27]} Nf5 {[%emt 0:01:39]} 28. Qb2 {[%emt 0:01:43]} Qd5 {[%emt 0:04:52]} 29. cxb6 {[%emt 0:00:46]} Rb8 {[%emt 0:00:37]} 30. a5 {[%emt 0:00:38]} Qxa5 {[%emt 0:00:56]} 31. b7 {[%emt 0:01:08]} Re7 {[%emt 0:01:42]} 32. Ra1 {[%emt 0:02:11]} Qb6 {[%emt 0:00:40]} 33. Qa2 {[%emt 0:01:30]} Rbxb7 {[%emt 0:01:27]} 34. Rab1 {[%emt 0:00:16]} Qd6 {[%emt 0:05:07]} 35. Rxb7 {[%emt 0:00:20]} Rxb7 {[%emt 0:00:02]} 36. Rxe6 {[%emt 0:00:45]} Qf4 {[%emt 0:00:13]} 37. d5 {[%emt 0:07:26]} Rd7 {[%emt 0:03:27]} 38. Ra6 {[%emt 0:04:32]} Qc1+ {[%emt 0:00:55]} 39. Kh2 {[%emt 0:00:04]} Qf4+ {[%emt 0:00:05]} 40. Kg1 {[%emt 0:00:58]} Qc1+ {[%emt 0:00:52]} 41. Kh2 {[%emt 0:30:08]} Qf4+ {[%emt 0:30:45]} 42. Kg1 {[%emt 0:00:06]} Qc1+ {[%emt 0:00:00]} 43. Kh2 {[%emt 0:00:00]} Qf4+ {[%emt 0:00:00]} 1/2-1/2

[Event "110th Anniversary Open 2020"]
[Site "Hilleroed"]
[Date "2020.02.15"]
[Round "9.9"]
[White "Bronnum, Jan"]
[Black "Madsen, Michael Ole"]
[Result "0-1"]
[WhiteElo "2034"]
[BlackElo "2042"]
[Annotator "ChessBase"]
[PlyCount "116"]
[EventDate "2020.02.08"]
[EventType "swiss"]
[EventCountry "DEN"]
[SourceTitle "playchess.com"]
[Source "ChessBase"]
[SourceQuality "1"]
[TimeControl "40/5400+30:1800+30"]

1. d4 {[%emt 0:00:00]} d5 {[%emt 0:00:00]} 2. Bf4 {[%emt 0:00:00]} c5 {[%emt 0:00:00]} 3. c3 {[%emt 0:00:15]} Nc6 {[%emt 0:00:18]} 4. e3 {[%emt 0:00:39]} Nf6 {[%emt 0:00:27]} 5. Nf3 {[%emt 0:00:42]} Qb6 {[%emt 0:02:18]} 6. Qb3 {[%emt 0:02:24]} c4 {[%emt 0:02:16]} 7. Qxb6 {[%emt 0:01:39]} axb6 {[%emt 0:00:05]} 8. Na3 {[%emt 0:02:08]} Bf5 {[%emt 0:01:33]} 9. Nb5 {[%emt 0:01:25]} Ra5 {[%emt 0:01:00]} 10. Nc7+ {[%emt 0:30:36]} Kd7 {[%emt 0:02:57]} 11. h3 {[%emt 0:03:12]} e6 {[%emt 0:01:55]} 12. a4 {[%emt 0:09:18]} Bc2 {[%emt 0:01:54]} 13. Nb5 {[%emt 0:01:16]} Rxa4 {[%emt 0:11:11]} 14. Rxa4 {[%emt 0:03:04]} Bxa4 {[%emt 0:00:23]} 15. Ne5+ {[%emt 0:00:08]} Nxe5 {[%emt 0:01:14]} 16. dxe5 {[%emt 0:00:09]} Bxb5 {[%emt 0:00:13]} 17. exf6 {[%emt 0:00:05]} gxf6 {[%emt 0:00:36]} 18. Be2 {[%emt 0:10:00]} Bd6 {[%emt 0:02:27]} 19. Bxd6 {[%emt 0:01:20]} Kxd6 {[%emt 0:00:05]} 20. Kd2 {[%emt 0:00:09]} Ra8 {[%emt 0:00:30]} 21. Kc2 {[%emt 0:02:12]} Ba4+ {[%emt 0:00:49]} 22. Kb1 {[%emt 0:00:20]} e5 {[%emt 0:01:36]} 23. f4 {[%emt 0:00:36]} Bd7 {[%emt 0:03:57]} 24. g4 {[%emt 0:01:54]} Bc6 {[%emt 0:04:04]} 25. Bf3 {[%emt 0:07:34]} b5 {[%emt 0:02:16]} 26. Rd1 {[%emt 0:00:38]} Kc5 {[%emt 0:00:50]} 27. Rf1 {[%emt 0:03:40]} e4 {[%emt 0:03:40]} 28. Bd1 {[%emt 0:00:56]} b4 {[%emt 0:00:36]} 29. Rg1 {[%emt 0:01:10]} b5 {[%emt 0:01:14]} 30. g5 {[%emt 0:00:42]} Rg8 {[%emt 0:01:06]} 31. h4 {[%emt 0:00:40]} bxc3 {[%emt 0:03:54]} 32. bxc3 {[%emt 0:00:03]} Bd7 {[%emt 0:00:22]} 33. Bh5 {[%emt 0:00:49]} Be6 {[%emt 0:02:47]} 34. Kb2 {[%emt 0:01:51]} b4 {[%emt 0:03:22]} 35. cxb4+ {[%emt 0:01:24]} Kxb4 {[%emt 0:00:07]} 36. Kc2 {[%emt 0:00:13]} fxg5 {[%emt 0:02:31]} 37. hxg5 {[%emt 0:01:16]} Kc5 {[%emt 0:01:55]} 38. Ra1 {[%emt 0:01:53]} Kb6 {[%emt 0:01:02]} 39. Kc3 {[%emt 0:01:12]} f6 {[%emt 0:18:02]} 40. gxf6 {[%emt 0:04:46]} Rf8 {[%emt 0:00:32]} 41. f7 {[%emt 0:30:13]} Bxf7 {[%emt 0:30:30]} 42. Bxf7 {[%emt 0:00:05]} Rxf7 {[%emt 0:00:14]} 43. Kd4 {[%emt 0:00:35]} Rf5 {[%emt 0:06:23]} 44. Rh1 {[%emt 0:00:20]} h5 {[%emt 0:00:11]} 45. Rb1+ {[%emt 0:00:05]} Kc6 {[%emt 0:00:21]} 46. Ra1 {[%emt 0:00:23]} Kd6 {[%emt 0:01:17]} 47. Ra6+ {[%emt 0:01:04]} Ke7 {[%emt 0:00:25]} 48. Ra7+ {[%emt 0:01:58]} Kf6 {[%emt 0:00:37]} 49. Ra6+ {[%emt 0:00:16]} Kg7 {[%emt 0:00:28]} 50. Ra7+ {[%emt 0:00:06]} Kg6 {[%emt 0:00:27]} 51. Ra6+ {[%emt 0:00:25]} Rf6 {[%emt 0:06:02]} 52. Ra1 {[%emt 0:01:38]} Rd6 {[%emt 0:04:40]} 53. Rg1+ {[%emt 0:00:00]} Kh6 {[%emt 0:00:00]} 54. f5 {[%emt 0:00:00]} c3 {[%emt 0:00:00]} 55. Ke5 {[%emt 0:00:00]} Rd8 {[%emt 0:00:00]} 56. Rg6+ {[%emt 0:00:00]} Kh7 {[%emt 0:00:00]} 57. Rc6 {[%emt 0:00:00]} d4 {[%emt 0:00:00]} 58. exd4 {[%emt 0:00:00]} e3 {[%emt 0:00:00]} 0-1

[Event "110th Anniversary Open 2020"]
[Site "Hilleroed"]
[Date "2020.02.15"]
[Round "9.10"]
[White "Hansen, Verner"]
[Black "Andersen, Soren Bull"]
[Result "0-1"]
[WhiteElo "1761"]
[BlackElo "2100"]
[Annotator "NA"]
[PlyCount "78"]
[EventDate "2020.02.08"]
[EventType "swiss"]
[EventCountry "DEN"]
[SourceTitle "playchess.com"]
[Source "ChessBase"]
[SourceQuality "1"]
[TimeControl "40/5400+30:1800+30"]

{[%evp 8,68,66,74,71,62,72,64,74,45,66,2,54,41,77,71,68,61,95,31,58,27,63,65,270,138,177,177,210,72,97,21,80,27,7,14,34,32767,32767,-30,32767,-27,-29,-39,-27,-41,-18,-65,-42,-66,32767,32767,-16,-510,-773,-531,-387,-379,-151,-172,-135,-227,-258]} 1. d4 {[%emt 0:00:25]} Nf6 {[%emt 0:00:40]} 2. c4 {[%emt 0:01:04]} g6 {[%emt 0:00:09]} 3. Nc3 {[%emt 0:00:31]} d5 {[%emt 0:00:34]} 4. Bg5 {[%emt 0:01:37]} Be6 {[%emt 0:09:14] [#]} 5. cxd5 $146 {[%emt 0:10:23]} ({Predecessor:} 5. Bxf6 exf6 6. cxd5 Bxd5 7. e4 Bc6 8. Bc4 Bg7 9. d5 Bd7 10. Qb3 b6 11. d6 O-O 12. dxc7 Qxc7 {½-½ (38) Rocha,M-De Queiroz,G (1826) Brasilia 2013}) 5... Nxd5 {[%emt 0:00:49]} 6. e4 {[%emt 0:00:43] D80: Grünfeld: Unusual White 4th moves and 4 Bg5.} Nxc3 {[%emt 0:00:17]} 7. bxc3 {[%emt 0:00:14]} Bg7 {[%emt 0:00:38]} 8. Bb5+ {[%emt 0:01:32]} c6 {[%emt 0:00:26]} 9. Bd3 {[%emt 0:00:11]} (9. Be2 $14) 9... O-O {[%emt 0:00:09]} (9... c5 $5) 10. Qd2 {[%emt 0:02:52]} c5 {[%emt 0:04:51]} 11. d5 {[%emt 0:02:48]} c4 {[%emt 0:17:22]} 12. Bc2 {[%emt 0:02:04]} ({Don't play} 12. Bxc4 $6 Qc7 $11) 12... Bd7 {[%emt 0:03:00]} 13. Bh6 {[%emt 0:00:57]} Bxh6 {[%emt 0:03:35]} 14. Qxh6 {[%emt 0:00:38]} Qa5 {[%emt 0:00:17]} 15. Ne2 {[%emt 0:02:59]} f5 $2 {[%emt 0:11:24]} (15... f6 $14) 16. O-O {[%emt 0:02:49]} fxe4 {[%emt 0:01:42]} 17. Bxe4 {[%emt 0:06:42]} Bf5 {[%emt 0:00:46] [#]} 18. Qe3 {[%emt 0:02:33]} (18. Ng3 $1 $18 {and the rest is easy.} Bxe4 19. Nxe4) 18... Na6 {[%emt 0:11:11]} 19. Rfd1 {[%emt 0:12:03]} (19. Bf3 $16) 19... Nc5 {[%emt 0:00:48]} 20. Bxf5 {[%emt 0:00:39]} Rxf5 {[%emt 0:00:02]} 21. d6 {[%emt 0:04:59]} exd6 {[%emt 0:03:48]} 22. Rxd6 {[%emt 0:01:51]} Qc7 {[%emt 0:00:05]} 23. Rd4 {[%emt 0:03:45]} b5 {[%emt 0:01:30]} 24. Ng3 {[%emt 0:01:28]} Re5 {[%emt 0:00:34]} 25. Qd2 {[%emt 0:01:55]} Rae8 {[%emt 0:00:34]} 26. f3 {[%emt 0:05:09]} Qe7 {[%emt 0:06:12]} 27. Rd5 {[%emt 0:04:33]} Nd3 {[%emt 0:02:04]} 28. Rxe5 {[%emt 0:01:19]} Qxe5 {[%emt 0:00:02]} 29. Ne4 {[%emt 0:00:10] [#]} a5 {[%emt 0:01:48]} (29... b4 $1 $17 {[%mdl 512]}) 30. Qg5 $2 {[%emt 0:05:44]} (30. a3 $1 $11) 30... Qxg5 {[%emt 0:00:26]} 31. Nxg5 {[%emt 0:00:08]} Re2 {[%emt 0:00:07]} 32. Ne4 {[%emt 0:00:29]} Rc2 $2 {[%emt 0:01:52]} (32... b4 $19 {and Black stays clearly on top.} 33. Kf1 Rc2) 33. a3 {[%emt 0:01:18]} Nf4 {[%emt 0:01:48]} 34. g3 {[%emt 0:05:09]} (34. Rb1 $17 {keeps fighting.}) 34... Ne2+ $19 {[%emt 0:00:20]} 35. Kf1 {[%emt 0:02:08]} Nxc3 {[%emt 0:00:18]} 36. Nd6 {[%emt 0:00:35]} Rxh2 {[%emt 0:00:17]} 37. Kg1 {[%emt 0:00:47]} Rd2 {[%emt 0:00:35]} 38. Nb7 {[%emt 0:02:39]} a4 {[%emt 0:01:02]} 39. Rc1 {[%emt 0:01:01]} Ne2+ {[%emt 0:00:06]} 0-1